000 00627nam a2200217Ia 4500
003 OSt
005 20250917180355.0
008 210423s2002 xx 000 0 und d
040 _cAL
041 _aEnglish
082 _a305.4
_bMURW
100 _aMurty S
_9115658
245 _aWomen work participation and empowerment
_b: problems and prospects
260 _aJaipur
_bR B S A Publisher
_c2002
365 _b700
_cINR
650 _aSociology
_9115659
650 _aWomen Studies
_9115660
700 _aCaur, K D
_9239225
906 _aempowerment: ; participation ; problems ; prospects ; Women ; work
942 _2ddc
_cBK
999 _c173532
_d173532